000 00273nam a22001217a 4500
008 170329b xxu||||| |||| 00| 0 eng d
041 _aeng
080 _a616-053.2
100 _a8
101 _aSHM
245 _aTHE CHRONICALLY ILL CHILD
_cMCCOLLUM,A.T
942 _2udc
_cBK
999 _c8967
_d8967